Dakar: Argentina-Chile-Perú
Na minha lista:
| Formato: | Livro |
|---|---|
| Idioma: | espanhol francês inglês |
| Publicado em: |
Santiago
Kactus
2012
|
| Assuntos: | |
| Tags: |
Adicionar Tag
Sem tags, seja o primeiro a adicionar uma tag!
|
MARC
| LEADER | 00000cam a2200000 a 4500 | ||
|---|---|---|---|
| 001 | UCF2682 | ||
| 003 | CL-VaPUC | ||
| 008 | 120830e20120000CL |||||||||||||||||spa|d | ||
| 020 | |a 9789567136858 | ||
| 041 | 0 | 7 | |a spa |2 CL-VaPUC |
| 041 | 0 | 7 | |a fre |2 CL-VaPUC |
| 041 | 0 | 7 | |a eng |2 CL-VaPUC |
| 082 | 0 | 4 | |a 796 |b DAK |2 21 |
| 245 | 1 | 0 | |a Dakar: Argentina-Chile-Perú |
| 300 | |a 168 p | ||
| 942 | |c BK | ||
| 945 | |d 20120830 00:00:00 |a dcastane | ||
| 260 | |a Santiago |b Kactus |c 2012 | ||
| 650 | 0 | |a Deportes |9 224367 | |
| 650 | 7 | |a DEPORTES AL AIRE LIBRE |2 CL-VaPUC |9 564428 | |
| 650 | 7 | |a DEPORTES AVENTURA |2 CL-VaPUC |9 541589 | |
| 583 | |a last modification |c 20120830 10:25:00 |k Rodrigo Vera | ||
| 999 | |c 349222 |d 349220 | ||
| 952 | |0 0 |1 0 |4 0 |6 796_000000000000000_DAK_2012 |7 0 |8 A |9 451731 |a BIBING |b BIBING |d 2019-11-22 |i 4895053 |o 796 DAK 2012 |p 4895053 |r 2025-01-20 |w 2019-11-22 |y BK |k CUI | ||